| 000 | 00762nam a2200205Ia 4500 | ||
|---|---|---|---|
| 003 | IN-BaIIA | ||
| 008 | 211028s9999 xx 000 0 eng d | ||
| 020 | _a0-553-29895-X | ||
| 040 | _cIIA Library | ||
| 080 |
_a92:5 _bFER |
||
| 111 |
_aKofu Symposium on New Look At the Sun with Emphasiss on Advanced Observations of Coronal Dynamics and Flares _cYamanashi _d1993 Sep. 6-10 _919446 |
||
| 245 | 0 |
_aStephen Hawking: quest for a theory of everything _cedited by K. Ferguson And T Hirayama |
|
| 260 |
_aNew York _bBantam Books _c1992 |
||
| 300 | _a192p. | ||
| 650 |
_aBiography _91224 |
||
| 650 |
_aStephen Hawking _919513 |
||
| 700 |
_aFerguson, K., ed. _919882 |
||
| 700 |
_aHirayama, T ed. _919450 |
||
| 942 | _cBK | ||
| 999 |
_c11525 _d11525 |
||